BIBLIOTECA

SENCICO

Resistencia de materiales aplicada (Registro nro. 812)

Detalles MARC
000 -LEADER
fixed length control field 00850nam a2200265Ia 4500
005 - DATE AND TIME OF LATEST TRANSACTION
control field 20251020182449.0
008 - FIXED-LENGTH DATA ELEMENTS--GENERAL INFORMATION
fixed length control field 200515s9999 xx 000 0 und d
020 ## - INTERNATIONAL STANDARD BOOK NUMBER
International Standard Book Number 968-880-801-6
082 ## - DEWEY DECIMAL CLASSIFICATION NUMBER
Classification number 620.177/M82
100 ## - MAIN ENTRY--PERSONAL NAME
Personal name Mott, Robert L.
245 #0 - TITLE STATEMENT
Title Resistencia de materiales aplicada
250 ## - EDITION STATEMENT
Edition statement 3a ed.
260 ## - PUBLICATION, DISTRIBUTION, ETC.
Place of publication, distribution, etc. México D. F.
260 ## - PUBLICATION, DISTRIBUTION, ETC.
Name of publisher, distributor, etc. PRENTICE -HALL HISPANOAMERICANA
260 ## - PUBLICATION, DISTRIBUTION, ETC.
Date of publication, distribution, etc. 1996
300 ## - PHYSICAL DESCRIPTION
Extent 640
300 ## - PHYSICAL DESCRIPTION
Other physical details tbl., graf.
500 ## - GENERAL NOTE
General note 1 ejemplar
520 ## - SUMMARY, ETC.
Summary, etc. Proporciona una cobertura amplia y profunda de los temas más importantes en resistencia de materiales, con énfasis en aplicaciones , soluciones de problemas y diseño de miembros estructurales, dispositivos mecánicos y sistemas.
650 ## - SUBJECT ADDED ENTRY--TOPICAL TERM
Topical term or geographic name entry element COLUMNAS
650 ## - SUBJECT ADDED ENTRY--TOPICAL TERM
Topical term or geographic name entry element RESISTENCIA DE MATERIALES
650 ## - SUBJECT ADDED ENTRY--TOPICAL TERM
Topical term or geographic name entry element VIGAS
942 ## - ADDED ENTRY ELEMENTS (KOHA)
Koha item type Libros
Existencias
Fecha de la última vez que lo usaron Pago total Signatura topográfica completa Código de barras Precio efectivo desde Tipo de documento Estado perdido Estado dañado No es para préstamo Retirado Ubicación permanente Ubicación actual Fecha de adquisición
15/05/2020   620.177/M82 Bib-Lima15050812 15/05/2020 Libros         Biblioteca Central Lima Biblioteca Central Lima 15/05/2020